[Event "Leiden SB-ch"]
[Site "Leiden"]
[Date "2011.06.07"]
[Round "4"]
[White "Bon, Peter"]
[Black "Van der Bent, Fred"]
[Result "1-0"]
[WhiteElo "1582"]
[BlackElo "1204"]
[PlyCount "69"]
[EventDate "2011.05.17"]
[EventType "swiss"]
[EventRounds "7"]
[EventCountry "NED"]
[SourceTitle "EXT 2012"]
[Source "ChessBase"]
[SourceDate "2011.11.24"]
[SourceVersion "1"]
[SourceVersionDate "2011.11.24"]
[SourceQuality "1"]

1. e4 d5 2. exd5 Qxd5 3. Nc3 Qa5 4. d4 Nf6 5. Nf3 c6 6. Bd2 Bf5 7. Ne4 Qd8 8. Nxf6+ exf6 9. Be2 Bg4 10. c3 Bd6 11. 0-0 0-0 12. Re1 Qc7 13. h3 Be6 14. Bd3 c5 15. b3 Nc6 16. Be3 Rad8 17. dxc5 Be5 18. Qc2 g6 19. Rad1 Qa5 20. b4 Qxa2 21. Qxa2 Bxa2 22. b5 Ne7 23. Nxe5 fxe5 24. Bh6 Rfe8 25. Bg5 Kg7 26. Be4 f6 27. Be3 Bc4 28. Ra1 Bxb5 29. Rxa7 Bc6 30. f3 f5 31. Bxc6 bxc6 32. Bg5 Kf8 33. Rxe5 Rd1+ 34. Kh2 Nd5 35. Bh6+ 1-0

[Event "Leiden SB-ch"]
[Site "Leiden"]
[Date "2011.06.01"]
[Round "3"]
[White "Van der Bent, Fred"]
[Black "Vernooy, Daan"]
[Result "1/2-1/2"]
[WhiteElo "1204"]
[BlackElo "1613"]
[PlyCount "65"]
[EventDate "2011.05.17"]
[EventType "swiss"]
[EventRounds "7"]
[EventCountry "NED"]
[SourceTitle "EXT 2012"]
[Source "ChessBase"]
[SourceDate "2011.11.24"]
[SourceVersion "1"]
[SourceVersionDate "2011.11.24"]
[SourceQuality "1"]

1. e4 c5 2. Nf3 Nc6 3. d4 cxd4 4. Nxd4 Nf6 5. Nc3 e5 6. Ndb5 d6 7. Bg5 a6 8. Na3 b5 9. Bxf6 gxf6 10. Nd5 Bg7 11. Qd2 f5 12. exf5 Bxf5 13. Bd3 Bxd3 14. Qxd3 0-0 15. c3 e4 16. Qe3 f5 17. 0-0 Ne5 18. Nf4 Rf6 19. Qg3 Kh8 20. Nc2 Qd7 21. f3 exf3 22. gxf3 Rg8 23. Kh1 Bh6 24. Qh4 Bg5 25. Qg3 Rh6 26. Rg1 Qf7 27. Nd4 Bh4 28. Qh3 Bg5 29. Qg3 Rh4 30. Nfe6 Be7 31. Qf2 Rh6 32. Nf4 Bg5 33. Qg3 1/2-1/2